书目信息 |
| 题名: |
地域文化视角下中国油画本土化研究
|
|
| 作者: | 郭鹏 著 | |
| 分册: | ||
| 出版信息: | 长春 吉林人民出版社 2021.08 |
|
| 页数: | 179页 | |
| 开本: | 24cm | |
| 丛书名: | ||
| 单 册: | ||
| 中图分类: | J213.052 | |
| 科图分类: | ||
| 主题词: | 油画--you hua--绘画研究--中国 | |
| 电子资源: | ||
| ISBN: | 978-7-206-18484-0 | |
| 000 | 01043nam0 2200253 450 | |
| 001 | CAL 0120192888551 | |
| 005 | 20230217093112.0 | |
| 010 | @a978-7-206-18484-0@dCNY75.00 | |
| 100 | @a20220208d2021 em y0chiy0120 ea | |
| 101 | 0 | @achi |
| 102 | @aCN@b220000 | |
| 105 | @aa a 000yy | |
| 106 | @ar | |
| 200 | 1 | @a地域文化视角下中国油画本土化研究@Adi yu wen hua shi jiao xia zhong guo you hua ben tu hua yan jiu@f郭鹏著 |
| 210 | @a长春@c吉林人民出版社@d2021.08 | |
| 215 | @a179页@c彩图@d24cm | |
| 314 | @a郭鹏, 副教授, 硕士研究生。毕业于俄罗斯国立师范大学美术学院油画专业, 任职于榆林学院艺术学院, 主要从事油画教学与创作。 | |
| 320 | @a有书目 (第176-179页) | |
| 330 | @a本书主要包括: 油画的产生及其在中国的发展、地域文化与中国油画、黑土地文化视角下的油画本土化 —— 东北、黄土地文化视角下的油画本土化 —— 秦晋、齐鲁文化视角下的油画本土化 —— 山东等内容。 | |
| 606 | 0 | @a油画@Ayou hua@x绘画研究@y中国 |
| 690 | @aJ213.052@v5 | |
| 701 | 0 | @a郭鹏@Aguo peng@4著 |
| 801 | 0 | @aCN@bBJXHZP@c20230228 |
| 905 | @b1397253-6@dJ213.052@e1588@f4 | |
| 地域文化视角下中国油画本土化研究/郭鹏著.-长春:吉林人民出版社,2021.08 |
| 179页:彩图;24cm |
| ISBN 978-7-206-18484-0:CNY75.00 |
| 本书主要包括: 油画的产生及其在中国的发展、地域文化与中国油画、黑土地文化视角下的油画本土化 —— 东北、黄土地文化视角下的油画本土化 —— 秦晋、齐鲁文化视角下的油画本土化 —— 山东等内容。 |
| ● |
| 相关链接 |
|
|
|
|
正题名:地域文化视角下中国油画本土化研究
索取号:J213.052/1588
 
预约/预借
| 序号 | 登录号 | 条形码 | 馆藏地/架位号 | 状态 | 备注 |
| 1 | 1397253 | 213972539 | 第一样本阅览室/ [索取号:J213.052/1588] | 在馆 | |
| 2 | 1397254 | 213972548 | 第一借阅区/ [索取号:J213.052/1588] | 在馆 | |
| 3 | 1397255 | 213972557 | 第一借阅区/ [索取号:J213.052/1588] | 在馆 | |
| 4 | 1397256 | 213972566 | 第一借阅区/ [索取号:J213.052/1588] | 在馆 |